000 00514nam a2200169Ia 4500
008 230917s9999||||xx |||||||||||||| ||und||
020 _cRS 800.00 (set of 2 vol.)
040 _e5009133
_aMAIN
041 _aEnglish
082 _a294.5563092 D33V:M
100 _aVedpal, ed.
245 0 _aMaharshi Dayanand Saraswati ka patra-vyavhar. 2V
260 _aAjmer
_bVedic Pustkalaya
_c2015
300 _a694 p.
500 _a4558 04/03/2022 HBD22/9287 04/03/2022 Centre for Maharishi Danyand Vedic Studi
942 _cBK
999 _c5591
_d5591